Not only the things that have happened / (Record no. 78989)
[ view plain ]
| 000 -LEADER | |
|---|---|
| fixed length control field | 00579nam a22001817a 4500 |
| 010 ## - LCCN (DPL NO) | |
| LC control number | B-495098 |
| 020 ## - INTERNATIONAL STANDARD BOOK NUMBER | |
| International Standard Book Number | 9789350293942 |
| Terms of availability | 499.00 |
| 035 ## - SYSTEM CONTROL NUMBER | |
| System control number | B-495098 |
| 037 ## - SOURCE OF ACQUISITION | |
| Stock number | dpl |
| Source of stock number/acquisition | BBB/Ven |
| 082 ## - DEWEY DECIMAL CLASSIFICATION NUMBER | |
| Classification number | N |
| 100 ## - MAIN ENTRY--PERSONAL NAME | |
| Personal name | Koshy, Mridula |
| 245 ## - TITLE STATEMENT | |
| Title | Not only the things that have happened / |
| Statement of responsibility, etc | by Mridula Koshy |
| 260 ## - PUBLICATION, DISTRIBUTION, ETC. (IMPRINT) | |
| Place of publication, distribution, etc | New Delhi |
| Name of publisher, distributor, etc | Fourth Estate |
| Date of publication, distribution, etc | 2012 |
| 270 ## - ADDRESS | |
| Address | A-53, Sector 57, Noida, Uttar Pradesh 201301, |
| Postal code | 110049 |
| 300 ## - PHYSICAL DESCRIPTION | |
| Extent | 352p. |
| Other physical details | 20cm(Hb) |
| 942 ## - ADDED ENTRY ELEMENTS (KOHA) | |
| Source of classification or shelving scheme | Dewey Decimal Classification |
| Item type | English Books |
| Call number suffix | KOS |
| Classification part | N |
| Withdrawn status | Lost status | Not for loan | Collection code | Home library | Current library | Date acquired | Cost, normal purchase price | Cost, replacement price | Koha item type | Source of acquisition | Full call number | Barcode | Copy number |
|---|---|---|---|---|---|---|---|---|---|---|---|---|---|
| Fiction | D.B.Act.Division | D.B.Act.Division | 02/09/2013 | 499.00 | 499.00 | English Books | |||||||
| Fiction | Shahdara Branch | Shahdara Branch | 23/12/2013 | 499.00 | 499.00 | English Books | BBB/10341/11.03.2013/168/08.03.2013/15.03.2013 | N KOS | B-495098 | 1 |
